The registration act, (xvi of 1908). (Record no. 1289)
[ view plain ]
| 000 -LEADER | |
|---|---|
| fixed length control field | 00681nam a2200229 4500 |
| 001 - CONTROL NUMBER | |
| control field | 14201 |
| 003 - CONTROL NUMBER IDENTIFIER | |
| control field | BD-DhUAP |
| 005 - DATE AND TIME OF LATEST TRANSACTION | |
| control field | 20200205101432.0 |
| 008 - FIXED-LENGTH DATA ELEMENTS--GENERAL INFORMATION | |
| fixed length control field | 200205s2005 bg a|||| |||| 001 0 eng d |
| 040 ## - CATALOGING SOURCE | |
| Original cataloging agency | BD-DhUAP |
| Language of cataloging | Eng |
| Transcribing agency | BD-DhUAP |
| Modifying agency | BD-DhUAP |
| 082 ## - DEWEY DECIMAL CLASSIFICATION NUMBER | |
| Edition number | 23 |
| Classification number | 346.54920438 REG |
| 110 ## - MAIN ENTRY--CORPORATE NAME | |
| Corporate name or jurisdiction name as entry element | Dhaka law report. |
| 245 ## - TITLE STATEMENT | |
| Title | The registration act, (xvi of 1908). |
| 250 ## - EDITION STATEMENT | |
| Edition statement | 3rd ed. |
| 260 ## - PUBLICATION, DISTRIBUTION, ETC. | |
| Place of publication, distribution, etc. | Dhaka : |
| Name of publisher, distributor, etc. | Dhaka law report, |
| Date of publication, distribution, etc. | 2005. |
| 300 ## - PHYSICAL DESCRIPTION | |
| Extent | [28], 396 pages : |
| Other physical details | illustrations ; |
| Dimensions | 25 cm. |
| 500 ## - GENERAL NOTE | |
| General note | Includes index. |
| 650 ## - SUBJECT ADDED ENTRY--TOPICAL TERM | |
| Topical term or geographic name entry element | Registration Act, 1908 |
| Geographic subdivision | Bangladesh. |
| 650 ## - SUBJECT ADDED ENTRY--TOPICAL TERM | |
| Topical term or geographic name entry element | Recording and registration |
| Geographic subdivision | Bangladesh. |
| 710 ## - ADDED ENTRY--CORPORATE NAME | |
| Corporate name or jurisdiction name as entry element | Dhaka law report. |
| 942 ## - ADDED ENTRY ELEMENTS (KOHA) | |
| Source of classification or shelving scheme | |
| Koha item type | Book |
| Withdrawn status | Lost status | Source of classification or shelving scheme | Damaged status | Not for loan | Permanent Location | Current Location | Shelving location | Date acquired | Total Checkouts | Full call number | Barcode | Date last seen | Date last checked out | Copy number | Price effective from | Koha item type | Total Renewals | Cost, replacement price |
|---|---|---|---|---|---|---|---|---|---|---|---|---|---|---|---|---|---|---|
| UAP Central Library | UAP Central Library | General Stacks | 2020-02-05 | 1 | 346.54920438 REG | 3010014201 | 2023-04-12 | 2023-04-10 | 1 | 2020-02-05 | Book | |||||||
| UAP Central Library | UAP Central Library | General Stacks | 2020-02-05 | 1 | 346.54920438 REG | 3010009085 | 2024-12-17 | 2024-12-01 | 2 | 2020-02-05 | Book | 1 | ||||||
| UAP Central Library | UAP Central Library | General Stacks | 2020-02-05 | 2 | 346.54920438 REG | 3010014199 | 2025-01-02 | 2024-12-09 | 3 | 2020-02-05 | Book | |||||||
| UAP Central Library | UAP Central Library | General Stacks | 2020-02-05 | 1 | 346.54920438 REG | 3010010443 | 2023-10-19 | 2023-09-19 | 4 | 2020-02-05 | Book | 1 | ||||||
| UAP Central Library | UAP Central Library | General Stacks | 2020-02-05 | 346.54920438 REG | 3010012754 | 2020-02-05 | 5 | 2020-02-05 | Book | |||||||||
| UAP Central Library | UAP Central Library | General Stacks | 2020-02-05 | 2 | 346.54920438 REG | 3010009508 | 2023-10-18 | 2023-09-20 | 6 | 2020-02-05 | Book | 1 | ||||||
| UAP Central Library | UAP Central Library | General Stacks | 2020-02-05 | 2 | 346.54920438 REG | 3010014200 | 2025-10-29 | 2025-09-23 | 7 | 2020-02-05 | Book | 2 | ||||||
| UAP Central Library | UAP Central Library | General Stacks | 2020-02-05 | 2 | 346.54920438 REG | 3010010442 | 2024-12-22 | 2024-12-19 | 8 | 2020-02-05 | Book | |||||||
| UAP Central Library | UAP Central Library | General Stacks | 2020-02-05 | 5 | 346.54920438 REG | 3010010441 | 2025-10-28 | 2025-09-28 | 9 | 2020-02-05 | Book | |||||||
| UAP Central Library | UAP Central Library | General Stacks | 2020-02-05 | 2 | 346.54920438 REG | 3010014202 | 2023-10-12 | 2023-10-05 | 10 | 2020-02-05 | Book | |||||||
| UAP Central Library | UAP Central Library | General Stacks | 2020-02-05 | 346.54920438 REG | 3010009509 | 2020-02-05 | 11 | 2020-02-05 | Book | |||||||||
| UAP Central Library | UAP Central Library | General Stacks | 2020-02-05 | 346.54920438 REG | 3010014198 | 2020-02-05 | 12 | 2020-02-05 | Book | |||||||||
| UAP Central Library | UAP Central Library | General Stacks | 2020-02-05 | 2 | 346.54920438 REG | 3010010440 | 2023-10-30 | 2023-10-16 | 13 | 2020-02-05 | Book | |||||||
| UAP Central Library | UAP Central Library | General Stacks | 2020-12-29 | 2 | 346.54920438 REG | 3010010444 | 2025-01-02 | 2024-12-01 | 14 | 2020-12-29 | Book | 1 | ||||||
| UAP Central Library | UAP Central Library | General Stacks | 2025-03-08 | 2 | 346.54920438 REG | 3010022671 | 2025-11-04 | 2025-09-28 | 15 | 2025-03-08 | Book | 2 | 500.00 |
Bengali Keyboard